| 000 | 00648nam a2200205 i 4500 | ||
|---|---|---|---|
| 001 | 78919 | ||
| 003 | ES-MaACL | ||
| 005 | 20250721062611.0 | ||
| 007 | t| | ||
| 008 | 041018s1958 sp ||||1| spa d | ||
| 100 | 1 |
_aHazlitt, Henry ( _d1894-1993) _962231 |
|
| 245 | 1 | 3 |
_aLa ciencia de la economía en una sola lección / _cHenry Hazlitt. |
| 260 |
_aValencia : _bFundación Ignacio Villalonga, _c1958 ( _fSucs. Vives Mora) |
||
| 300 |
_a252 p. ; _c21 cm. |
||
| 490 | 1 | _aEstudios económicos | |
| 650 | 0 | 7 |
_aEconomía _2embne _912006 |
| 830 | 0 |
_aEstudios económicos _9184750 |
|
| 852 |
_aES-MaACL _jC-14697 _bR.42725 |
||
| 999 |
_c78919 _d78919 |
||